Instructor's guide [to accompany] personal selling (Record no. 47089)

MARC details
000 -LEADER
fixed length control field 00613nam a2200169 a 4500
008 - FIXED-LENGTH DATA ELEMENTS--GENERAL INFORMATION
fixed length control field 120416s0000 ||||||||||||||||| || u
020 ## - INTERNATIONAL STANDARD BOOK NUMBER
International Standard Book Number 0574206868
050 ## - LIBRARY OF CONGRESS CALL NUMBER
Classification number HF 5438.25 Dav
100 ## - MAIN ENTRY--PERSONAL NAME
Personal name Davis, Rodney
245 10 - TITLE STATEMENT
Title Instructor's guide [to accompany] personal selling
246 ## - VARYING FORM OF TITLE
Title proper/short title a professional approach
260 ## - PUBLICATION, DISTRIBUTION, ETC.
Place of publication, distribution, etc. Chicago
Name of publisher, distributor, etc. Science Research Associates
Date of publication, distribution, etc. 1984
300 ## - PHYSICAL DESCRIPTION
Extent iii, 199p. : ill
350 ## - PRICE (NR) (BK AM CF MU VM SE) [OBSOLETE]
Price 0.00
700 ## - ADDED ENTRY--PERSONAL NAME
Personal name Underwood, Robert
995 ## - RECOMMENDATION 995 [LOCAL, UNIMARC FRANCE]
-- 0.00
-- CBU-MAIN LIBRARY (Kitwe)
-- 1
-- 15.95
-- AVAILABLE
-- Main Library Open Access Collection
Holdings
Withdrawn status Lost status Source of classification or shelving scheme Damaged status Not for loan Home library Current library Shelving location Date acquired Total Checkouts Full call number Barcode Date last seen Price effective from Koha item type
          CBU-MAIN LIBRARY, KITWE. CBU-MAIN LIBRARY, KITWE.   11/30/2022   HF 5438.25 Dav 004957 11/30/2022 11/30/2022 MONOGRAPH